| 000 -LEADER |
| fixed length control field |
00836nam a2200205Ia 4500 |
| 001 - CONTROL NUMBER |
| control field |
2340 |
| 003 - CONTROL NUMBER IDENTIFIER |
| control field |
GE_BSU |
| 005 - DATE AND TIME OF LATEST TRANSACTION |
| control field |
20221025105810.0 |
| 008 - FIXED-LENGTH DATA ELEMENTS--GENERAL INFORMATION |
| fixed length control field |
181216s2008az xx |||||||||||||| ||aze|| |
| 040 ## - CATALOGING SOURCE |
| Transcribing agency |
GE_BSU |
| 041 ## - LANGUAGE CODE |
| Language code of text/sound track or separate title |
aze |
| 080 ## - UNIVERSAL DECIMAL CLASSIFICATION NUMBER |
| Universal Decimal Classification number |
94(479.24) A-36 |
| 245 ## - TITLE STATEMENT |
| Title |
Hayat Yollu 1923-2003 : |
| Remainder of title |
Azarbaycan Xaloinin Umummilli lideri Heydər Əliyevin 85 illik yubileyina Həsr Olunur |
| 264 ## - PRODUCTION, PUBLICATION, DISTRIBUTION, MANUFACTURE, AND COPYRIGHT NOTICE |
| Place of production, publication, distribution, manufacture |
Naxçivan, |
| Date of production, publication, distribution, manufacture, or copyright notice |
2008. |
| 300 ## - PHYSICAL DESCRIPTION |
| Extent |
250 c. : |
| Other physical details |
илл |
| 653 ## - INDEX TERM--UNCONTROLLED |
| keyword |
Azarbaycan Xaloinin Umummilli lideri Heydər Əliyevin 85 illik yubileyina Həsr Olunu |
| 653 ## - INDEX TERM--UNCONTROLLED |
| keyword |
HayatYollu 1923-2003. |
| 653 ## - INDEX TERM--UNCONTROLLED |
| keyword |
ეძღვნება აზერბაიჯანის ხალხის ეროვნული ლიდერის ჰეიდარ ალიევის 85 წლის იუბილეს |
| 942 ## - ADDED ENTRY ELEMENTS (KOHA) |
| Koha item type |
წიგნი |
| Source of classification or shelving scheme |
|